Music Quiz

Random Music or Bands Quiz
Score 0/40 Timer 10:00
0 Plays Today
% Correct
Weak
100%
Drama
97.9%
Birthday Party
97.9%
Woody Allen
95.8%
Sober Up
95.8%
I'm Not Famous
95.8%
Come Hang Out
95.8%
Karma
95.8%
Call My Dad
95.8%
100 Bad Days
95.8%
Don't Throw Out My Legos
95.8%
Break My Face
95.8%
Wow, I'm Not Crazy
95.8%
The Entertainments Here
93.8%
No Grass Today
93.8%
Beats
93.8%
Turning Out
91.7%
Bud Like You
89.6%
Turning Out Part 2
87.5%
Bang
87.5%
% Correct
Netflix Trip
83.3%
Finale (Can't Wait to See What You Do Next)
83.3%
I'm Ready
79.2%
The Good Part
79.2%
Thirsty
77.1%
Dear Winter
75%
My Calling
75%
Three Thirty
72.9%
Next Up Forever
70.8%
Infinity
62.5%
Living on Love
62.5%
Pitchfork Kids
60.4%
The Green and the Town
60.4%
Buy You a Rose
54.2%
Growing Old on Bleeker Street
52.1%
AfterHours
50%
Big White Bed
45.8%
Big Idea
41.7%
3 AM
35.4%
The World is A Marble Heart
33.3%
Remove Ads.
Support Sporcle.
Get the best of Sporcle when you Go Orange. This ad-free experience offers more features, more stats, and more fun while also helping to support Sporcle. Thank you for becoming a member.

You're not logged in!

Compare scores with friends on all Sporcle quizzes.
OR
Log In

Sporcle TV

Today on Sporcle TV


Watch our educational content, quiz creation guides, and fun videos on Sporcle TV.

Show Comments

Extras

Created May 11, 2020ReportNominate
Tags:Bands Quiz, Lyrics Quiz, AJR, chorus

Top Quizzes Today


Score Distribution

Paid Content

Your Account Isn't Verified!

In order to create a playlist on Sporcle, you need to verify the email address you used during registration. Go to your Sporcle Settings to finish the process.

Report this User

Report this user for behavior that violates our Community Guidelines.

Details: